Mười cuốn sách về kiến trúc

שמור ב:
מידע ביבליוגרפי
מחבר ראשי: vitruvius
פורמט: ספר
שפה:Undetermined
יצא לאור: Hà Nội Xây Dựng 2004
נושאים:
תגים: הוספת תג
אין תגיות, היה/י הראשונ/ה לתייג את הרשומה!
Thư viện lưu trữ: Trung tâm Học liệu Trường Đại học Cần Thơ
LEADER 00517nam a2200193Ia 4500
001 CTU_74265
008 210402s9999 xx 000 0 und d
020 |b 52000 
082 |a 720 
082 |b V848 
100 |a vitruvius 
245 0 |a Mười cuốn sách về kiến trúc 
245 0 |c vitruvius 
260 |a Hà Nội 
260 |b Xây Dựng 
260 |c 2004 
650 |a architecture,monuments,apparatus 
904 |i Năm 
980 |a Trung tâm Học liệu Trường Đại học Cần Thơ